banner koha

Evaluación in vitro de antagonistas contra patógenos de fruto de guanábana (Annona muricata L.) en Nayarit, México (Registro n. 339387)

MARC details
000 -LÍDER
fixed length control field 03707nab a2200361 i 4500
003 - CÓDIGO MARC DA AGÊNCIA CATALOGADORA
Campo de controle BR-BrBNA
005 - DATA E HORA DA ÚLTIMA ATUALIZAÇÃO
Campo de controle 20251207173828.0
008 - CAMPO DE TAMANHO FIXO
fixed length control field 251207b2020 bl.|r|pooa||| 00| 0 spa |
040 ## - FONTE DA CATALOGAÇÃO
Agência catalogadora BR-BrBNA
Idioma da catalogação spa
072 ## - CATEGORIA AGRIS
Código AGRIS H20
Código do objeto 1105
072 ## - CATEGORIA AGRIS
Código AGRIS H01
100 ## - ENTRADA PRINCIPAL - NOME PESSOAL
Nome pessoal Ayón, Carlos Bryan Cambero
100 ## - ENTRADA PRINCIPAL - NOME PESSOAL
Nome pessoal Esquivel, Gregorio Luna
100 ## - ENTRADA PRINCIPAL - NOME PESSOAL
Nome pessoal Velasco, Claudio Rios
100 ## - ENTRADA PRINCIPAL - NOME PESSOAL
Nome pessoal Virgen, Orlando Estrada
100 ## - ENTRADA PRINCIPAL - NOME PESSOAL
Nome pessoal Aranguré, Antonio Betancourt
100 ## - ENTRADA PRINCIPAL - NOME PESSOAL
Nome pessoal Campos, Octavio Jhonathan Cambero
245 ## - TÍTULO PRINCIPAL
Título principal Evaluación in vitro de antagonistas contra patógenos de fruto de guanábana (Annona muricata L.) en Nayarit, México
500 ## - NOTA GERAL
Nota geral <br/>Publicação online; 26 ref.; 3 illus.; Summaries (En, Es)
942 ## - ADDED ENTRY ELEMENTS (KOHA)
Koha item type Analítica
520 ## - NOTA DE RESUMO
Nota de conteúdo <br/><br/><br/>Resumen - En Nayarit, México, la producción de guanábana es afectada por los patógenos de fruto Pestalotiopsis sp. y Colletotrichum gloeosporioides que provocan pudrición seca y Lasiodiplodia pseudotheobromae pudrición blanda. En el presente estudio, se evaluó el antagonismo in vitro de tres especies de Streptomyces, tres de Trichoderma y tres de Bacillus. Las cepas de Trichoderma mostraron diferente inhibición en los patógenos evaluados, Trichoderma longibrachiatum mostró el mayor PICR, que fueron de 60.45, 59.33 y 57.9 al confrontarse contra C. gloeosporioides, Pestalotiopsis sp., y L. pseudotheobromae, respectivamente. En el caso de las bacterias, el mayor PICR fue de 58.22 % con B. methylotrophicus contra Pestalotiopsis sp. Las cepas de Streptomyces fueron las más eficaces y podrían estudiarse en futuras investigaciones sobre el control biológico de patógenos de fruto, ya que ejercieron el 100 % de inhibición excepto S. viridochromogenes que presentó un porcentaje de inhibición de crecimiento radial (PICR) de 88.3 % contra Lasiodiplodia pseudotheobromae.<br/><br/><br/><br/>Términos para Indexación: Control biológico, antagonismo, fitopatógeno, confrontación.
520 ## - NOTA DE RESUMO
Nota de conteúdo <br/><br/><br/>Abstract - In Nayarit, Mexico, soursop production is affected by the pathogens of Pestalotiopsis sp. and Colletotrichum gloeosporioides that cause dry rot and Lasiodiplodia pseudotheobromae soft rot. In the present study, the in vitro antagonism of three species of Streptomyces, three of Trichoderma and three of Bacillus were evaluated. The Trichoderma strains showed different inhibition in the pathogens evaluated, Trichoderma longibrachiatum showed the highest PIRG in vitro, which was 60.45, 59.33 and 57.9 when confronted against C. gloeosporioides, Pestalotiopsis sp., and L. pseudotheobromae, respectively. The bacteria showed lower PIRG than the fungi. B. methylotrophicus exhibited the highest capacity of inhibition of the experiment with 58.22 % of PIRG against Pestalotiopsis sp. The Streptomyces strains were the most effective and could be studied in future researches on the biological control of fruit pathogens, since they exerted 100 % inhibition except S. viridochromogenes that presented a percentage of inhibition of radial growth (PIRG) of 88.3 % against Lasiodiplodia pseudotheobromae.<br/><br/><br/><br/>Index Terms: Biological control, antagonism, phytopathogen, confrontation
650 ## - ASSUNTO - THESAGRO
Cabeçalho tópico ou nome geográfico GRAVIOLA
650 ## - ASSUNTO - THESAGRO
Cabeçalho tópico ou nome geográfico FRUTA TROPICAL
650 ## - ASSUNTO - THESAGRO
Cabeçalho tópico ou nome geográfico DOENÇA FÚNGICA
650 ## - ASSUNTO - THESAGRO
Cabeçalho tópico ou nome geográfico CONTROLE BIOLÓGICO
650 ## - ASSUNTO - THESAGRO
Cabeçalho tópico ou nome geográfico ANTAGONISMO
650 ## - ASSUNTO - THESAGRO
Cabeçalho tópico ou nome geográfico DEFESA VEGETAL
650 ## - ASSUNTO - THESAGRO
Cabeçalho tópico ou nome geográfico MÉXICO
773 0# - ENTRADA ANALÍTICA
Host Biblionumber 805
Registro do item 317045
Imprenta Jaboticabal-SP Sociedade Brasileira de Fruticultura 1978
Outro identificador 2024-3607
Título Revista Brasileira de Fruticultura (Brazil)
ISSN 0100-2945
Colação v. 42(2) p. 1-6; (2020)
Número de controle de registro BR2025005177
856 ## - ACESSO E ENDEREÇO ELETRÔNICO
Identificador uniforme de recurso - URI https://www.scielo.br/j/rbf/a/7xTHcVjkBNf9mBkVt7rDSyL/?format=pdf&lang=es

Nenhum exemplar disponível.

BINAGRI

Telefone: (61)3218-2567/2388/3357/2097 - binagri@agro.gov.br

Ministério da Agricultura e Pecuária , Esplanada dos Ministérios, Bloco D, Anexo B, Brasília/DF, CEP: 70.043-900